| 000 | 01032cab a2200217 4500 | ||
|---|---|---|---|
| 001 | ABS41593 | ||
| 008 | 090401t1989 xxu||||| |||| 00| 0 eng d | ||
| 035 | _a(Sirsi) u31078 | ||
| 041 | _aeng | ||
| 245 | _aInstitutional fund managers : five views from the top | ||
| 260 | _c1989 | ||
| 350 | _a0 | ||
| 490 |
_aComment (Smith Melzack) _v(7) September 1989 6 pages |
||
| 520 | _aReview of how five fund managers see the property market . Brian Wootton of Hill Samuel Property Services analyses the growth in property unit trusts ; Martin Olley of Norwich Union examines the importance of planning for the single market and of investing in Europe ; Andrew Winshell of Scottish Widows turns to the provincial office market; Fred Reeder of PosTel suggests concentrating on the market now not in three years time and David Doubble of Friends Provident looks at managed funds . | ||
| 650 | _aINSTITUTIONS | ||
| 650 | _aINVESTMENT | ||
| 650 | _aPINCS | ||
| 690 | _aPROPERTY LAW AND PRACTICE | ||
| 942 | _n0 | ||
| 948 | _c04/03/1997 | ||
| 999 |
_c20887 _d20887 |
||